Traffic engineering handbook. (Record no. 528047)
[ view plain ]
| 000 -LEADER | |
|---|---|
| fixed length control field | 00950cam a22002891 4500 |
| 001 - CONTROL NUMBER | |
| control field | 9397825 |
| 003 - CONTROL NUMBER IDENTIFIER | |
| control field | NUST |
| 005 - DATE AND TIME OF LATEST TRANSACTION | |
| control field | 20190826113654.0 |
| 008 - FIXED-LENGTH DATA ELEMENTS--GENERAL INFORMATION | |
| fixed length control field | 721117s1965 dcuab b 000 0 eng |
| 010 ## - LIBRARY OF CONGRESS CONTROL NUMBER | |
| LC control number | 65017560 |
| 035 ## - SYSTEM CONTROL NUMBER | |
| System control number | (OCoLC)498447 |
| 038 ## - RECORD CONTENT LICENSOR | |
| Staff Name | M.Ramzan |
| 040 ## - CATALOGING SOURCE | |
| Original cataloging agency | DLC |
| Transcribing agency | OClU |
| Modifying agency | OCoLC |
| -- | DLC |
| 042 ## - AUTHENTICATION CODE | |
| Authentication code | premarc |
| 050 00 - LIBRARY OF CONGRESS CALL NUMBER | |
| Classification number | HE333 |
| Item number | .T68 1965 |
| 082 ## - DEWEY DECIMAL CLASSIFICATION NUMBER | |
| Classification number | 388.312 |
| Author Mark | BAE |
| 245 00 - TITLE STATEMENT | |
| Title | Traffic engineering handbook. |
| Statement of responsibility, etc. | Editor, John E. Baerwald. |
| 250 ## - EDITION STATEMENT | |
| Edition statement | 3d ed. |
| Remainder of edition statement | Prepared under direction of the Traffic Engineering Handbook Editorial Board. |
| 260 ## - PUBLICATION, DISTRIBUTION, ETC. | |
| Place of publication, distribution, etc. | Washington, |
| Name of publisher, distributor, etc. | Institute of Traffic Engineers, |
| Date of publication, distribution, etc. | 1965. |
| 300 ## - PHYSICAL DESCRIPTION | |
| Extent | 770 p. |
| Other physical details | illus., maps. |
| Dimensions | 23 cm. |
| 504 ## - BIBLIOGRAPHY, ETC. NOTE | |
| Bibliography, etc. note | Includes bibliographies. |
| 650 #0 - SUBJECT ADDED ENTRY--TOPICAL TERM | |
| Topical term or geographic name entry element | Traffic engineering. |
| 9 (RLIN) | 394 |
| 700 1# - ADDED ENTRY--PERSONAL NAME | |
| Personal name | Baerwald, John Edward, |
| Dates associated with a name | 1925- |
| Relator term | ed. |
| 9 (RLIN) | 19573 |
| 710 2# - ADDED ENTRY--CORPORATE NAME | |
| Corporate name or jurisdiction name as entry element | Institute of Traffic Engineers. |
| 9 (RLIN) | 19574 |
| 906 ## - LOCAL DATA ELEMENT F, LDF (RLIN) | |
| a | 7 |
| b | cbc |
| c | oclcrpl |
| d | u |
| e | ncip |
| f | 19 |
| g | y-gencatlg |
| 942 ## - ADDED ENTRY ELEMENTS (KOHA) | |
| Source of classification or shelving scheme | |
| Koha item type | Book |
| Withdrawn status | Lost status | Source of classification or shelving scheme | Damaged status | Not for loan | Permanent Location | Current Location | Date acquired | Total Checkouts | Full call number | Barcode | Date last seen | Price effective from | Koha item type |
|---|---|---|---|---|---|---|---|---|---|---|---|---|---|
| School of Civil and Environmental Engineering (SCEE) | School of Civil and Environmental Engineering (SCEE) | 08/26/2019 | 388.312 BAE | NIT-10188 | 08/26/2019 | 08/26/2019 | Book |
